CROSS - SECTIONAL DIAGNOSTIC IMAGING CASES FOR SELF ASSESSMENT (Record no. 799228)

MARC details
000 -LEADER
fixed length control field 00396pam a2200145 a 4500
020 ## - INTERNATIONAL STANDARD BOOK NUMBER
International Standard Book Number 1841841676
Terms of availability
041 ## - LANGUAGE CODE
Language code of original
082 ## - DEWEY DECIMAL CLASSIFICATION NUMBER
Classification number 616.0757
Item number STR/GUP
100 ## - MAIN ENTRY--PERSONAL NAME
Personal name STRICKLAND N.H., GUPTA P.
245 ## - TITLE STATEMENT
Title CROSS - SECTIONAL DIAGNOSTIC IMAGING CASES FOR SELF ASSESSMENT
Medium Textual Documents
260 ## - PUBLICATION, DISTRIBUTION, ETC.
Place of publication, distribution, etc. [s.l]:
Name of publisher, distributor, etc. MARTIN DUNITZ,
Date of publication, distribution, etc. 2002.
300 ## - PHYSICAL DESCRIPTION
Extent 440:
Dimensions PB.
650 ## - SUBJECT ADDED ENTRY--TOPICAL TERM
Topical term or geographic name entry element RADIOLOGY
930 ## - EQUIVALENCE OR CROSS-REFERENCE-UNIFORM TITLE HEADING [LOCAL, CANADA]
Uniform title 4700
Holdings
Withdrawn status Lost status Damaged status Not for loan Collection Home library Current library Date acquired Source of acquisition Cost, normal purchase price Total Checkouts Full call number Barcode Date due Date last seen Date last checked out Copy number Price effective from Koha item type
          Medical College & Hospital, Sangli Medical College & Hospital, Sangli 22/07/2011 B.M.S.G.B.PUNE 8470.00 1 616.0757 STR/GUP MCS-9598 01/10/2043 06/10/2023 06/10/2023 1 26/07/2023 Book